000 00624nam a22002057a 4500
003 OSt
005 20160726184626.0
008 160726b xxu||||| |||| 00| 0 eng d
020 _a978-0-9753662-0-2
040 _cLIC
082 _22007
_aDC 330
_bL58a
100 _911950
_aLewis, Hunter
245 _aAre the rich necessary?
_bgreat economic arguments and how they reflect our personal values/
_cHunter Lewis.
260 _aMount Jackson, VA:
_bAxios Press,
_cc2007.
300 _aviii, 277 pages;
_c21 cm.
500 _aIncludes index.
650 0 _911951
_aEconomics
650 0 _911952
_aSocial values
942 _2ddc
_cDC
999 _c3592
_d3592